00796nam a2200205 a 450000100100000000500170001000800410002702000150006804000250008310000280010824000210013624501450015726000380030230000210034049000320036170000360039383000390042995201050046899900170057300004268420201002040326.0140206s1997 sp 000 0 spa d a8440680163 aDO-SdBNPbspacBNPHU1 aNicholl, Charles96998514aThe Fruit palace13aLa ruta de la coca :bun viaje por Colombia y por el submundo del tráfico de cocaína /cCharles Nicholl; traducción, Antonio Desmonts. aBarcelona, :bEdiciones B,c1997. a405 p. ;c19 cm.1 aBiblioteca Grandes Viajeros1 aDesmonts, Antonioetrad.969986 0aBiblioteca Grandes Viajeros969748 001050718MOaGRbGRcCTd2014-02-05iLF1l0o p42684-10r2020-06-25w2020-06-25y1ZNo se presta c42173d42173